| 000 | 01270naa a22003377a 4500 | ||
|---|---|---|---|
| 001 | BR8602615 | ||
| 003 | BR-BrBNA | ||
| 005 | 20240918175714.0 | ||
| 007 | ta | ||
| 008 | 230509b bl.||||| |||| 00| 0 por d | ||
| 040 |
_aBR-BrBNA _bpor _cBiblioteca Nacional de Agricultura |
||
| 041 | _a(Pt) | ||
| 072 |
_aE12; E50 _b/G514 |
||
| 090 | _aE12 BR8602615 | ||
| 100 | 1 | _aBecker, B.K. | |
| 111 | 1 |
_a6. Encontro Nacional de Geografia Agraria _cGaranhuns, PE (Brazil) _d9-14 Dec 1985 |
|
| 245 | 1 | _aExpansao do povoamento e mudanca social: o caso de Rondonia | |
| 246 | 1 | _a[Settlement expansion and social change: the case of Rondonia, Brazil] | |
| 246 | 1 | _a[Annals of the 6. National Meeting of Agrarian Geography. Lectures] | |
| 260 | 3 |
_aRecife, PE (Brasil): _c1985. |
|
| 500 | _aAnais do 6. Encontro Nacional de Geografia Agraria. Conferencias Recife, PE (Brasil): 1985. p. 91-129 (BR8602615-AM)E12 | ||
| 650 | _aTRABALHADOR RURAL | ||
| 650 | _aTRABALHO | ||
| 650 | _aPOSSEIRO | ||
| 650 | _aMIGRACAO RURAL | ||
| 650 | _aDEMOGRAFIA | ||
| 650 | _aRONDONIA | ||
| 773 | 0 |
_tAnais do 6. Encontro Nacional de Geografia Agraria. Conferencias _wE12 BR8602615 _gRecife, PE (Brasil), 1985. p. 91-129 |
|
| 909 |
_a202404 _bLucia _c55 _dLucia Elande |
||
| 942 |
_cAM _2AGRIS |
||
| 999 |
_c317821 _d317821 |
||